000 00584nam a2200241Ia 4500
005 20260306145544.0
008 008 260114s9999 xx 000 0 eng d
020 _a9780691188140
037 _aEbook
040 _aCRL
040 _beng
040 _cCRL
041 _2eng
041 _aeng
084 _qCRL
245 0 _aReligions of Asia in Practice
260 _bPrinceton University Press
260 _c2002
650 _aTheology and Religion
_91123750
856 _uhttps://www.degruyter.com/isbn/9780691188140
942 _cEBOOK
999 _c1689041
_d1689041